00881nam a2200181Ia 4500020001500000040000800015082002600023245023900049260003800288300002500326500007800351500003200429500004100461710002000502942001000522999001700532952015000549 a9211201314 cUIU a823 UNI 2002 C143 Or.10aFacilitating the accession of ESCAP developing countries to WTO through regional cooperation :bpapers presented at the Regional Seminar on Facilitating the Accession of ESCAP Developing Countries to WTO : Bangkok, 18-21 February 2002 aNew York :bUnited Nations,c2002 aiii, 129 p. ;c23 cm aAt head of title: Economic and Social Commission for Asia and the Pacific a"ST/ESCAP/2215"--T.p. verso a"Sales No. E.02.II.F.66"--T.p. verso2 aUnited Nations. cAEDBB c18387d18387 0010406823_000000000000000_UNI_2002_C143_OR70982337aLBCbLBCcC143d2019-11-06eA39028o823 UNI 2002 C143 Or.r2019-11-06w2019-11-06yAEDBB